000 00344nam a2200145Ia 4500
008 230711s9999||||xx |||||||||||||| ||und||
041 _aENG
082 _a800
_bSU-E
100 _aSudharshan,M.A
245 0 _aEnglish sahit's anupam poems
250 _a1st Ed.
260 _c2007
_aNew Delhi
_bFalcon Books
650 _aLiterature
942 _cBK
999 _c4396
_d4396